| 000 | 00390nam a2200145Ia 4500 | ||
|---|---|---|---|
| 008 | 221030s9999 xx 000 0 und d | ||
| 020 | _a9788184319378 | ||
| 041 | _aEnglish | ||
| 100 | _aI. A. Dhotra | ||
| 245 | 0 |
_aSystem Software _cby I. A. Dhotra, A. A. Puntambekar |
|
| 260 |
_bTechnical Publication _aPune _c2010 |
||
| 650 | _aBB Computer | ||
| 700 | _aA. A. Puntambekar | ||
| 942 | _cBK | ||
| 999 |
_c18924 _d18924 |
||